00427nam a2200109Ia 4500008004100000050002300041100002300064245010900087260008600196300002000282521001500302140724s9999 xx 000 0 und d aTR 858b.Is81 2011 aIsidro, Reouben D. 2aA comparative study of visual effects used for the films :bResiklo and Ang Panday /cReouben D. Isidro. aLas Piñas, Philippines :bSouthville International School and Colleges,cc2011. a75 p. :c28 cm. aMedia Arts